000 01175nam a22002897a 4500
001 4511
003 FISKH
005 20250120084212.0
008 240912b cb ||||| |||| 00| 0 eng d
020 _a9781444000030
040 _aFISKH
_beng
_cFISKH
_dFISKH
082 _2823.92
100 _aSimon, Francesca
_d1955-
245 _aHorrid henry's sleepover /
_cFrancesca Simon Illustrated by Tony Ross
250 _aThis edition first published in 2014
260 _aLondon :
_bOrion,
_c2014.
300 _a74 pages :
_bColor illustrations ;
_c20cm
505 _aL
520 _aEarly Readers are stepping stones from picture books to reading books. A blue Early Reader is perfect for sharing and reading together. A red Early Reader is the next step on your reading journey. Horrid Henry is going to New Nick's house for a sleepover. Bliss! New beds to bounce on. New biscuit tins to raid. Henry can't wait. But will the evening turn out the way Henry expects?
521 8 _a521
_bLexile
521 8 _aL
_bRaz-Plus
650 _2Fiction
_aSleepover
650 _2Friend
_aHome
700 _aRoss, Tony
_dIllustrator
942 _2ddc
_cBK
_n0
999 _c4511
_d4511